Sen Radim Radevič

Bibliographic Details
Main Author: Kraus, Tomáš (Author)
Format: Article
Language:Slovak
PhysicalDescription:Obr. 2.
Subjects:

MARC

LEADER 00000nab a2200000 a 4500
001 vtls000309906
003 SK-MaSNL
005 20260302215550.0
008 160215c1988 xo 0 slo
015 |a SNBRB19rr/mm-uuuuu 
035 |a CL0320027 
040 |a SNKBUCL  |b slo  |c SNKBUCL  |e AACR2 
041 0 |a slo 
044 |a xo  |c SK 
080 |a 796.966.077  |2 1981 
080 |a 929 Raděvič, Radim  |2 1981 
100 1 |a Kraus, Tomáš  |4 aut  |9 921395 
245 1 0 |a Sen  |b Radim Radevič  |c Tomáš Kraus 
300 |b Obr. 2. 
600 1 7 |a Raděvič, Radim,  |d 1966-  |2 snkbucl  |9 158134 
655 7 |a články z novín a časopisov  |2 snkbucl  |9 267496 
773 0 |t Štart  |g Roč. 33, č. 7 (1988), s. 12-13 
850 |a Slovenská národná knižnica v Martine  |a MTA001 
852 |a SNK  |b KIS3GCP 
958 |a BX 
958 |a RK 
992 |a RBX 
999 |c 1503004  |d 1504934